| 000 | 00964nam0a22002651 4500 | ||
|---|---|---|---|
| 001 | rc\3736636 | ||
| 005 | 20130115154231.6 | ||
| 021 |
_aRU _bРг7357-74 |
||
| 021 |
_aRU _b74-48683 |
||
| 035 | _a(NLR Aleph) 007782079 | ||
| 090 |
_a7580260 _c7580260 |
||
| 100 | _a20130115d1974 |||y0rusy50 ca | ||
| 101 | 0 | _arus | |
| 102 | _aRU | ||
| 105 | _ay z |||a| | ||
| 200 | 1 |
_aИщите мужчину! _eСоврем. комедийная история в 2 ч. с прологом, эпилогом и песнями _fОтв. ред. А. Антокольский _gОтд. распространения драм. произведений ВААП |
|
| 210 |
_aМосква _cБ. и. _d1974 |
||
| 215 |
_a80 л. _d28 |
||
| 700 | 1 |
_aСолодарь _bЦ. С. _f1909- _gЦезарь Самойлович |
|
| 702 | 1 |
_aАнтокольский _bА. _4340 |
|
| 801 | 0 |
_aRU _bNLR _gpsbo |
|
| 801 | 1 |
_aRU _bELAR _2rusmarc |
|
| 852 |
_aNLR _j74-8/359 |
||
| 942 | _cBOOK | ||
| 980 | _aNB | ||